<?xml version="1.0" encoding="UTF-8"?>
<record
    xmlns:xsi="http://www.w3.org/2001/XMLSchema-instance"
    xsi:schemaLocation="http://www.loc.gov/MARC21/slim http://www.loc.gov/standards/marcxml/schema/MARC21slim.xsd"
    xmlns="http://www.loc.gov/MARC21/slim">

  <leader>00604nas-a2200229z--4500</leader>
  <datafield tag="999" ind1=" " ind2=" ">
    <subfield code="c">7630</subfield>
    <subfield code="d">7630</subfield>
  </datafield>
  <controlfield tag="001">991059134325106706</controlfield>
  <controlfield tag="003">OSt</controlfield>
  <controlfield tag="005">20220111185946.0</controlfield>
  <controlfield tag="008">180507uuuuuuuuuuuuuu-p-o----u|----|spa-d</controlfield>
  <datafield tag="022" ind1=" " ind2=" ">
    <subfield code="a">2014-9913</subfield>
  </datafield>
  <datafield tag="035" ind1=" " ind2=" ">
    <subfield code="a">(CKB)9870000000002221</subfield>
  </datafield>
  <datafield tag="035" ind1=" " ind2=" ">
    <subfield code="a">(EXLCZ)999870000000002221</subfield>
  </datafield>
  <datafield tag="040" ind1=" " ind2=" ">
    <subfield code="b">cat</subfield>
    <subfield code="c">CDMR</subfield>
  </datafield>
  <datafield tag="210" ind1=" " ind2=" ">
    <subfield code="a">ALTERN. ECON.</subfield>
  </datafield>
  <datafield tag="245" ind1="0" ind2="0">
    <subfield code="a">Alternativas Econ&#xF3;micas</subfield>
  </datafield>
  <datafield tag="260" ind1=" " ind2=" ">
    <subfield code="a">Barcelona: </subfield>
    <subfield code="b">Alternativas Econ&#xF3;micas, </subfield>
    <subfield code="c">2013-</subfield>
  </datafield>
  <datafield tag="310" ind1=" " ind2=" ">
    <subfield code="a">Mensual</subfield>
  </datafield>
  <datafield tag="362" ind1=" " ind2=" ">
    <subfield code="a">No. 1 (marzo 2013)- </subfield>
  </datafield>
  <datafield tag="650" ind1=" " ind2="0">
    <subfield code="9">4819</subfield>
    <subfield code="a">Economia</subfield>
    <subfield code="v">Revistes</subfield>
  </datafield>
  <datafield tag="776" ind1=" " ind2=" ">
    <subfield code="x">2014-9204</subfield>
  </datafield>
  <datafield tag="942" ind1=" " ind2=" ">
    <subfield code="2">udc</subfield>
    <subfield code="c">SER</subfield>
    <subfield code="s">1</subfield>
  </datafield>
</record>
